Top 10 der abgelegensten europäischen Hauptstädte - Statistiken

Allgemein
  • Dieses Quiz wurde 11.151 mal gespielt
  • Das Durchschnittsergebnis liegt bei 7 aus 10
Antwortstatistiken
Distanz Nächste andere Hauptstadt % Korrekt
675 km Minsk Moskau
90%
500 km Madrid Lissabon
87%
1.493 km Dublin Reykjavík
84%
417 km Stockholm Oslo
83%
494 km Andorra la Vella Madrid
81%
489 km Skopje Athen
76%
463 km London Dublin
68%
401 km Chișinău Kiew
68%
392 km Vilnius Warschau
56%
494 km Madrid Andorra la Vella
19%
Keine übereinstimmenden Quizze gefunden
Verteilung der Resultate
Anzahl Personen mit jedem Resultat
Perzentil nach korrekt beantworteten Fragen
Ihre Resultats-Entwicklung
Sie haben dieses Quiz noch nicht gespielt